| 000 | 00602 a2200229 4500 | ||
|---|---|---|---|
| 003 | NUST | ||
| 005 | 20231227150702.0 | ||
| 020 | _a0-471-40194-3 | ||
| 040 |
_aDLC _bDLC |
||
| 082 | 0 |
_a530 _bRES |
|
| 082 | 0 | _a530 | |
| 100 | 1 |
_aHalliday, David, _95033 |
|
| 245 | 0 | 0 |
_aPhysics _nVol. 2 _cDavid Halliday, Robert Resnick, Kenneth S. Krane |
| 250 | _a5th ed. | ||
| 260 |
_aNew York : _bWiley, _c2002. |
||
| 650 | 7 | _aPhysics | |
| 650 | 7 |
_aFysik _9119807 |
|
| 650 | 7 |
_aPhysics _9119808 |
|
| 700 | 1 |
_aResnick, Robert, _d1923- _4aut _91506 |
|
| 700 | 1 |
_aKrane, Kenneth S. _4aut _939001 |
|
| 942 |
_cBK _k530 RES _2ddc |
||
| 999 |
_c4473 _d4473 |
||